Optimalizácia podmienok SPME extrakcie pre analýzu VOC v tokajských vínach pomocou GCxGC-HRTOF-MS
Salvato in:
| Autore principale: | |
|---|---|
| Altri autori: | |
| Natura: | Manoscritto Libro |
| Lingua: | slovacco |
| Pubblicazione: |
2018
|
| Soggetti: | |
| Accesso online: | http://is.stuba.sk/zp/portal_zp.pl?podrobnosti=118783 |
| Tags: |
Nessun Tag, puoi essere il primo ad aggiungerne!!
|
MARC
| LEADER | 00000ntm a22000003a 4500 | ||
|---|---|---|---|
| 001 | stuzp69847 | ||
| 003 | SK-STU | ||
| 005 | 20180623211111.1 | ||
| 007 | ta | ||
| 008 | 150427s2015----xo-----f-mn---000-0-slo-d | ||
| 040 | |a STU |b slo | ||
| 041 | 0 | |a slo | |
| 100 | 1 | |a Jesenská, Soňa |u 041000 |4 aut |U FCHPT Fakulta chemickej a potravinárskej technológie |T FCHPT Ústav analytickej chémie |X 76598 |U C1000 |Y 99 |7 76598 | |
| 242 | 0 | 1 | |a Optimization of SPME Extraction Conditions for the Analysis of VOC in Tokaj Wines by GCxGC-HRTOF-MS |y eng |
| 245 | 1 | 0 | |a Optimalizácia podmienok SPME extrakcie pre analýzu VOC v tokajských vínach pomocou GCxGC-HRTOF-MS |
| 260 | |c 2018 | ||
| 650 | 4 | |a SPME extrakcia |2 slo | |
| 650 | 4 | |a GCxGC-HRTOF-MS |2 slo | |
| 650 | 4 | |a VOC |2 slo | |
| 650 | 4 | |a tokajské vína |2 slo | |
| 650 | 4 | |a SPME extraction |2 eng | |
| 650 | 4 | |a GCxGC-HRTOF-MS |2 eng | |
| 650 | 4 | |a VOC |2 eng | |
| 650 | 4 | |a tokaj wines |2 eng | |
| 700 | 1 | |a Špánik, Ivan |u 041000 |k Z1 |4 ths |U FCHPT Fakulta chemickej a potravinárskej technológie |T FCHPT Ústav analytickej chémie |X 3910 |U C1000 |Y 99 |7 A000003910 | |
| 856 | 4 | |u http://is.stuba.sk/zp/portal_zp.pl?podrobnosti=118783 | |